000 00719cam a22002533a 4500
001 6838
003 PGUSA
005 20140828083137.0
008 041101s2004||||xxu|||||s|||||000 1 eng d
040 _aPGUSA
_beng
042 _adc
050 4 _aPQ
100 1 _aHugo, Victor,
_d1802-1885
245 1 0 _aLe Dernier Jour d'un Condamné
_h[electronic resource] /
_cVictor Hugo
260 _bProject Gutenberg,
_c2004
506 _aPublic domain in the USA.
516 _aElectronic text
653 _aPrisoners -- France -- Fiction
653 _aCapital punishment -- Fiction
653 _aFrance -- Fiction
830 0 _aProject Gutenberg
_v6838
856 4 0 _uhttp://www.gutenberg.org/ebooks/6838
942 _cEB
999 _c236158
_d236158